| Tag |
First Indicator |
Second Indicator |
Subfields |
| LEADER |
00000cam a2200000 i 4500 |
| 001 |
in00004600444 |
| 003 |
OCoLC |
| 005 |
20221205192407.4 |
| 008 |
210823s2022 nyu 000 j eng |
| 010 |
|
|
|a 2021041037
|
| 040 |
|
|
|a DLC
|e rda
|c DLC
|
| 020 |
|
|
|a 9780525656999
|q (hardcover)
|
| 020 |
|
|
|a 0525656995
|
| 020 |
|
|
|z 9780525657002
|q (ebook)
|
| 035 |
|
|
|a (OCoLC)1264723606
|
| 050 |
0 |
0 |
|a PS3619.H586
|b Y68 2022
|
| 082 |
0 |
0 |
|a 813/.6
|2 23
|
| 100 |
1 |
|
|a Shipstead, Maggie,
|e author.
|
| 245 |
1 |
0 |
|a You have a friend in 10A /
|c Maggie Shipstead.
|
| 250 |
|
|
|a First edition.
|
| 264 |
|
1 |
|a New York :
|b Alfred A. Knopf,
|c 2022.
|
| 300 |
|
|
|a 253 pages ;
|c 22 cm.
|
| 336 |
|
|
|a text
|b txt
|2 rdacontent
|
| 337 |
|
|
|a unmediated
|b n
|2 rdamedia
|
| 338 |
|
|
|a volume
|b nc
|2 rdacarrier
|
| 500 |
|
|
|a "A Borzoi book."
|
| 505 |
0 |
|
|a The cowboy tango -- Acknowledgments -- Souterrain -- Angel lust -- La Moretta -- In the Olympic Village -- You have a friend in 10A -- Lambs -- The Great Central Pacific Guano Company -- Backcountry.
|
| 520 |
|
|
|a In this collection of stories, Maggie Shipstead dives into eclectic and vivid settings, from an Olympic village to a deathbed in Paris to a Pacific atoll, and illuminating a cast of indelible characters, Shipstead traverses ordinary and unusual realities with cunning, compassion and wit. In "Acknowledgments," a male novelist reminisces bitterly on the woman who inspired his first novel, attempting to make peace with his humiliations before the book goes to print. In "The Cowboy Tango," spanning decades in the open country of Montana, a triangle of love and self-preservation plays out among an aging rancher called the Otter, his nephew and a young woman named Sammy who works the horses.
|
| 650 |
|
0 |
|a Triangles (Interpersonal relations)
|v Fiction.
|
| 650 |
|
0 |
|a Women
|v Fiction.
|
| 650 |
|
7 |
|a FICTION / Short Stories (single author).
|2 bisacsh
|
| 650 |
|
7 |
|a FICTION / Literary.
|2 bisacsh
|
| 650 |
|
7 |
|a FICTION / Women.
|2 bisacsh
|
| 945 |
|
|
|b 497167
|
| 947 |
|
|
|a A14851365438
|
| 948 |
|
|
|a dmitchel 12/5/22 1.30.20
|
| 980 |
|
|
|b print
|c 40031385207
|f LIT/B
|g 565714
|k USD
|m 21.87
|q 1
|s AcqMono Conventional
|t Approval plan
|u Vendor order reference number
|v ZYBP
|y Print approval
|z Physical resource
|
| 999 |
f |
f |
|i 365f1989-7ad9-4fb6-aa4e-9468cde5d7ef
|s c925b2d4-a4c3-43cd-ab1d-823451537797
|t 0
|
| 952 |
f |
f |
|p normal
|a Texas A&M University
|b College Station
|c Sterling C. Evans Library
|d Evans: Library Stacks
|t 0
|e PS3619.H586 Y68 2022
|h Library of Congress classification
|i unmediated -- volume
|m A14851365438
|
| 998 |
f |
f |
|a PS3619.H586 Y68 2022
|t 0
|l Evans: Library Stacks
|